鳥取県にあるものドボンクイズ - Statistics

General Stats
  • This quiz has been taken 302 times
  • The average score is 5 of 22
Answers on the Grid
Answers color-coded by a green-red scale on the quiz's grid according to % correct below.
ラウンドワン
サイゼリヤ
銀だこ
スターバックス
ドミノピザ
アニメイト
タリーズ
松屋
吉野家
すき屋
LOFT
なか卯
餃子の王将
ロッテリア
サブウェイ
カラオケ館
ほっともっと
ガスト
ジョイフル
コメダ珈琲
鳥貴族
ヤマダ電機
カラオケまねきねこ
モスバーガー
Paul Smiths
スシロー
かっぱ寿司
カルディ
バーガーキング
ドンキホーテ
 
Answer Stats
Answer % Correct
スターバックス
48%
吉野家
45%
すき屋
44%
ガスト
39%
スシロー
39%
サイゼリヤ
34%
モスバーガー
30%
ほっともっと
29%
ドンキホーテ
28%
餃子の王将
26%
ヤマダ電機
25%
コメダ珈琲
24%
かっぱ寿司
22%
ドミノピザ
16%
アニメイト
15%
ジョイフル
15%
なか卯
14%
カラオケ館
10%
カルディ
8%
バーガーキング
8%
LOFT
7%
Paul Smiths
6%
No matching quizzes found
Score Distribution
Percent of People with Each Score
Percentile by Number Answered
Your Score History
You have not taken this quiz